000 004810000a22001810004500
003 MACL
005 20160106140744.0
008 160106b xxu||||| |||| 00| 0 eng d
040 _aMACL
_cMACL
041 _aEnglish
082 _a900/MAJ
100 _aMunshi, K M
_928738
245 _aThe Delhi Sultanate
_bThe History and culture of the Indian People
260 _bBhartiya Vidya Bhavan
_c1960
_aBombay
350 _a35
650 _aHistory
_928739
942 _cBK
_k900/MUN
_2ddc
999 _c35781
_d35781